| 000 | 01449cam a2200253 4500 | ||
|---|---|---|---|
| 001 | |||
| 008 | 031209n2003 000 0 eng u | ||
| 020 | _a0717622134 | ||
| 035 | _a(Sirsi) u124585 | ||
| 041 | _aeng | ||
| 100 | _aWinkler, Clive | ||
| 245 | _aContractorisation - aspects of health and safety in the supply chain | ||
| 260 |
_aSudbury _bHSE _c2003 |
||
| 520 | _aThis report investigates the reality behind the perception that contractorisation was increasing health and safety risks, particularly in smaller companies. Three sectors representing a range of health and safety cultures were looked at with the main aim of establishing whether this perception was real; how the HSE was viewed; and the driving forces for health and safety. The study found that this perception was not borne out amongst those people consulted and, in fact, some positive benefits of contractorisation were highlighted. Concludes that HSE should produce guidance on who is responsible for contractor's employees working at third parties' premises. View at www.hse.gov.uk. | ||
| 650 | _aSUBCONTRACTORS | ||
| 650 | _aCONTRACT STAFF | ||
| 650 | _aEMPLOYEES | ||
| 690 |
_aHealth and safety _96244 |
||
| 700 | _aIrwin, J. Neill | ||
| 710 |
_aGreat Britain _bHealth and Safety Executive |
||
| 710 |
_aPartnership Sourcing Ltd _94566 |
||
| 856 |
_uhttps://www.hse.gov.uk/research/rrhtm/rr112.htm _zView the research on the HSE website... |
||
| 942 | _n0 | ||
| 999 |
_c103252 _d103252 |
||